ALL CLASH ROYALE CARDS BY PICTURE (May 2025) - Statistics

General Stats
  • This quiz has been taken 955 times
  • The average score is 95 of 119
Answer Stats
Picture Answer % Correct
Arrows
99%
Archers
98%
Fireball
98%
Knight
98%
Minions
97%
MINI pekka
97%
Giant
96%
Goblins
96%
Goblin hut
95%
Musketeer
95%
Bomber
94%
Goblin cage
94%
Skeletons
94%
Spear goblins
94%
Cannon
93%
Valkyrie
93%
Barbarians
92%
Mega minion
92%
Wizard
92%
Bats
91%
Electro spirit
91%
Fire spirit
91%
Hog rider
91%
Bomb tower
90%
Goblin barrel
90%
Inferno tower
90%
PEKKA
90%
Rocket
90%
Tombstone
90%
Witch
90%
Zap
90%
Baby dragon
89%
Skeleton army
89%
Battle ram
88%
Mortar
88%
Skeleton dragons
88%
Dark prince
87%
flying machine
87%
Guards
87%
Ice spirit
87%
Prince
87%
Royal giant
87%
Balloon
86%
Royal hogs
86%
Three musketeers
86%
Ice golem
85%
Royal recruits
85%
Freeze
84%
Giant skeleton
84%
Goblin gang
84%
Lightning
84%
Barbarian hut
83%
Poison
83%
Tesla
83%
Barbarian barrel
82%
Dart goblin
82%
Golem
82%
Miner
82%
Princess
82%
Skeleton barrel
82%
The log
82%
Battle healer
81%
Elite barbarians
81%
Goblin giant
81%
Mega knight
81%
X-bow
81%
Berserker
80%
Electro wizard
80%
Hunter
80%
Inferno dragon
80%
Zappies
80%
Earthquake
79%
Firecracker
79%
Furnace
79%
Giant snowball
79%
Minion horde
79%
Ram rider
79%
Rune giant
79%
Sparky
79%
Ice wizard
77%
Electro dragon
76%
Wall breakers
75%
Royal ghost
74%
Graveyard
72%
Bowler
71%
Heal spirit
71%
Bandit
70%
Electro giant
69%
Goblin demolisher
68%
Lava hound
68%
Rage
68%
Rascals
67%
Goblin drill
66%
Lumberjack
66%
Magic archer
66%
Royal delivery
66%
Clone
65%
Elixir golem
65%
Goblin curse
65%
Mirror
65%
Night witch
65%
Suspicious bush
65%
Tornado
65%
Executioner
64%
Fisherman
64%
Mother witch
63%
Void
62%
Cannon cart
61%
Golden knight
61%
Skeleton king
61%
Archer queen
60%
Goblin machine
59%
Little prince
59%
Mighty miner
59%
Monk
59%
Boss bandit
56%
Elixir collector
56%
Pheonix
54%
Goblinstien
40%
No matching quizzes found
Score Distribution
Percent of People with Each Score
Percentile by Number Answered
Your Score History
You have not taken this quiz